000 00330nam a2200097Ia 4500
008 220216s9999 xx 000 0 und d
100 _aOdenhamn T
245 0 _aEPDM in automotive applications
260 _bProceedings of the International Conference on Rubbers, Calcutta, December 12-14, 1997, Vol. III, pp. 25.
_c1997
942 _cJS
999 _c58701
_d58701